Normal view
MARC view
Entry Topical Term
001 - CONTROL NUMBER
- control field: 4967
003 - CONTROL NUMBER IDENTIFIER
- control field: BD-RjUL
005 - DATE AND TIME OF LATEST TRANSACTION
- control field: 20220925094000.0
008 - FIXED-LENGTH DATA ELEMENTS
- fixed length control field: 220925|| aca||aabn | a|a d
040 ## - CATALOGING SOURCE
- Original cataloging agency: BD-RjUL
- Transcribing agency: BD-RjUL
150 ## - HEADING--TOPICAL TERM
- Form subdivision: Quran [urdu translate]
670 ## - SOURCE DATA FOUND
- Source citation: Work cat.: (BD-RjUL)80420: القران الحكيم مع ترجمة و تفسير موضح القران # # alquran alhakim mae tarjamat w tafsir mawadih alquran /, 195?